|
|
|
|
| LEADER |
00000nam0a2200000 4500 |
| 001 |
222800 |
| 005 |
20250221110028.0 |
| 035 |
|
|
|a (RuTPU)RU\TPU\book\243028
|
| 090 |
|
|
|a 222800
|
| 100 |
|
|
|a 20121002d1978 m y0rusy50 ca
|
| 101 |
0 |
|
|a rus
|
| 102 |
|
|
|a RU
|
| 105 |
|
|
|a a z 001yy
|
| 181 |
|
0 |
|a i
|b e
|
| 182 |
|
0 |
|a n
|
| 183 |
|
0 |
|a nc
|2 RDAcarrier
|
| 200 |
1 |
|
|a Искусство быть собой
|f Владимир Леви
|
| 203 |
|
|
|a Текст
|b визуальный
|c непосредственный
|
| 210 |
|
|
|a Кемерово
|c Кемеровское книжное издательство
|d 1978
|
| 215 |
|
|
|a 224 с.
|c ил.
|
| 283 |
|
|
|a volume
|2 RDAcarrier
|
| 330 |
|
|
|a Основное содержание книги - искусство владеть собой, практическая психотехника, в сплаве древнего и современного опыта, старинных истин и новых идей. Это книга - лечебник для всех и практикум внутреннего самовоспитания
|
| 606 |
1 |
|
|a Научно-популярная литература
|2 stltpush
|3 (RuTPU)RU\TPU\subj\80485
|9 88146
|
| 606 |
1 |
|
|a Личность
|x Как социально-психологическое явление
|2 stltpush
|3 (RuTPU)RU\TPU\subj\40536
|9 60382
|
| 610 |
1 |
|
|a психология
|
| 610 |
1 |
|
|a человек
|
| 610 |
1 |
|
|a психотехника
|
| 610 |
1 |
|
|a практическая психотехника
|
| 675 |
|
|
|a 087
|v 3
|
| 686 |
|
|
|a Ю952
|2 rubbk
|
| 700 |
|
1 |
|a Леви
|b В. Л.
|g Владимир Львович
|
| 801 |
|
1 |
|a RU
|b 63413507
|c 20121002
|
| 801 |
|
2 |
|a RU
|b 63413507
|c 20220118
|g RCR
|
| 942 |
|
|
|c BK
|